000 00389nam a2200157Ia 4500
008 210716s2002 xx 000 0 und d
020 _a8178084252
041 _aeng
082 _a005.762 ADRP
100 _aAdriaans, Pieter;Zantinge, Dolf.
245 _aData mining.
250 _a1
260 _aNew Delhi
_bPearson Education
_c2002
300 _axi,158
650 _aData Warehousing
999 _c184738
_d184738